Τα διδακτικά μέσα

Αποθηκεύτηκε σε:
Λεπτομέρειες βιβλιογραφικής εγγραφής
Κύριος συγγραφέας: Palau, Yves Gerard
Μορφή: Βιβλίο
Γλώσσα:Greek
Δημοσίευση: Αθήνα : Ίδρυμα Ευγενίδου, 1969
Θέματα:
Ετικέτες: Προσθήκη ετικέτας
Δεν υπάρχουν, Καταχωρήστε ετικέτα πρώτοι!

MARC

LEADER 00000cam a2200000 i 4500
001 1/89595
008 080624s1969 gre d
035 |l 10098411 
040 |a GR-MY-UA  |b gre  |e aacr 
041 0 |a gre 
082 0 |a 371.335  |2 (22) 
100 1 |a Palau, Yves Gerard. 
245 1 3 |a Τα διδακτικά μέσα /  |c υπό Yves Gerard Palau 
260 |a Αθήνα :   |b Ίδρυμα Ευγενίδου,   |c 1969 
300 |a 196 σ. ;  |b εικ.;  |c 25 εκ. 
650 0 0 |a Educational technology. 
650 0 0 |a Teaching machines. 
852 |a INST  |b RHODES  |c AKA  |e 20080624  |h  371.335 PAL  |p 005400028937  |q 005400028937  |t BK  |y 0 
901 |a BIBL4-2008-2 
909 |a Ρ  |b 150268 
970 |a ΜΙΣΣΟΣ  |b ΣΤΑΥΡΟΣ  |z 2008/06/24